U.S. States That Pray the Most - Statistics

General Stats
  • This quiz has been taken 36 times
  • The average score is 7 of 10
Answer Stats
% State % Correct
73 Alabama
91%
64 Georgia
91%
75 Mississippi
84%
68 Louisiana
81%
65 Arkansas
72%
70 Tennessee
72%
66 North Carolina
69%
66 South Carolina
69%
65 Oklahoma
63%
68 West Virginia
53%
No matching quizzes found
Score Distribution
Percent of People with Each Score
Percentile by Number Answered
Your Score History
You have not taken this quiz